000 00556nam a22001937a 4500
003 KOHA_MİRAKIL
005 20241003053921.0
008 241002b2016 tu ||||| |||| 00| 0 tur d
020 _a9789944285384
040 _aTR-AnABB
_btur
_cTR-AnABB
041 _atur
082 _a305.4
_bKIV 2016
100 1 _aKıvılcımlı, Ahmet
_91117
245 1 0 _aParti'de konaklar ve konuklar /
_cDr.Ahmet Kıvılcımlı.
260 _aİstanbul :
_bSosyal İnsan Yayınları,
_c2016.
300 _a102 sayfa ;
_c20 cm.
650 _aSosyoloji
_9495
942 _2ddc
_cBK
999 _c7693
_d7693
900 _bCan Çelik